00715nai a2200181Ia 4500003000900000008004100009022002200050022002300072040001600095245006700111260008600178310001400264362002800278521006900306650003600375650002900411856009300440IN-BaIIA211028c9999 xx s 000 0 eng d a1943-0604 (Print) a1943-0612 (Online) cIIA Library 0aIEEE Transactions on Autonomous Mental Developmenth[eJournal] aNew York, USAbThe Institute of Electrical and Electronics Engineers, Inc. (IEEE) aQuarterly a1(1); 2009 - 7(4); 2015 bSubscribed through National Knowledge Resource Consortium (NKRC) a Signal Processing and Analysis aComputing and Processing uhttps://ieeexplore.ieee.org/servlet/opac?punumber=4563672yClick Here to Access eJournal